[Event "ICS rated standard match"]
[Site "204.178.125.65"]
[Date "2001.01.23"]
[Round "?"]
[White "Hossa"]
[Black "PostModernist"]
[Result "1-0"]
[WhiteElo "2293"]
[BlackElo "2381"]
[PlyCount "147"]
[EventDate "2001.??.??"]

1. e4 e5 2. Nf3 Nc6 3. Bc4 b6 4. O-O Bb7 5. d3 h6 6. Be3 Nf6 7. Nc3 Bd6 8. Nh4
Na5 9. Nf5 Nxc4 10. dxc4 Bf8 11. f3 g6 12. Ng3 h5 13. Qd2 h4 14. Nh1 h3 15. g4
d6 16. Bg5 Be7 17. Nf2 Qd7 18. a4 O-O-O 19. a5 Kb8 20. axb6 cxb6 21. Ra3 Qc6
22. Rfa1 a5 23. Rb3 Rde8 24. Be3 Nd7 25. Nd5 Bd8 26. Qe2 f5 27. Rba3 f4 28. Bd2
Qc8 29. b4 Ba6 30. bxa5 Bxc4 31. Qd1 b5 32. Nb6 Nxb6 33. axb6 Qc6 34. Ra8+ Qxa8
35. Rxa8+ Kxa8 36. Qa1+ Kb7 37. Qa7+ Kc6 38. Qa8+ Kd7 39. Qb7+ Ke6 40. Qc6 Be7
41. b7 Kf7 42. Ba5 Be2 43. Bc7 Ke6 44. Qb6 Bxf3 45. Qxb5 Kf6 46. b8=Q Rxb8 47.
Bxb8 Bg2 48. g5+ Kxg5 49. Qd7 Rxb8 50. Qxe7+ Kh5 51. Qh7+ Kg5 52. Nxh3+ Bxh3
53. Qxh3 Rb4 54. Qg2+ Kf6 55. h4 Rb1+ 56. Kf2 Rc1 57. Kf3 Re1 58. Qg5+ Kf7 59.
Qd8 Rd1 60. Qd7+ Kf6 61. Ke2 Rd4 62. Qc6 Ke7 63. c3 f3+ 64. Kxf3 Rd2 65. Qc7+
Ke6 66. Qg7 Rd3+ 67. Kg4 Rxc3 68. Qxg6+ Kd7 69. Qf7+ Kc6 70. h5 Rc1 71. h6 Rg1+
72. Kf5 Rf1+ 73. Ke6 Rxf7 74. Kxf7 {PostModernist resigns} 1-0

[Event "ICS Rated standard match"]
[Site "204.178.125.65"]
[Date "2001.01.23"]
[Round "?"]
[White "Hossa"]
[Black "Amateur"]
[Result "0-1"]
[WhiteElo "2313"]
[BlackElo "2391"]
[PlyCount "144"]
[EventDate "2001.??.??"]

1. e4 e6 2. d4 d5 3. Nd2 c5 4. exd5 exd5 5. Ngf3 Nf6 6. Bb5+ Bd7 7. Qe2+ Qe7 8.
O-O Qxe2 9. Bxe2 cxd4 10. Nxd4 Nc6 11. Nb5 O-O-O 12. Nb3 a6 13. N5d4 Re8 14.
Bd3 Ne5 15. Bg5 Ne4 16. Bxe4 dxe4 17. Rfd1 Nc4 18. Rab1 f6 19. Bf4 g5 20. Be3
Bd6 21. Nd2 Nxe3 22. fxe3 Rhf8 23. Nc4 Bc7 24. Nb3 Bg4 25. Nd6+ Bxd6 26. Rxd6
Kc7 27. Rd4 f5 28. h3 Bh5 29. Rf1 Re5 30. g4 Bg6 31. Rc4+ Kb6 32. gxf5 Rfxf5
33. Rxf5 Bxf5 34. Kg2 h5 35. Nd4 Bd7 36. Nb3 h4 37. Nd2 Bf5 38. c3 Ka7 39. Rd4
b5 40. a4 Kb6 41. axb5 axb5 42. c4 Kc6 43. b4 bxc4 44. Nxc4 Rd5 45. Na5+ Kd6
46. b5 Rxd4 47. exd4 Kc7 48. Nc4 Be6 49. b6+ Kc6 50. b7 Kc7 51. Na5 Bd5 52. Kf1
Kb8 53. Kf2 g4 54. hxg4 h3 55. Kg1 e3 56. g5 h2+ 57. Kxh2 e2 58. Kh3 e1=Q 59.
Kg4 Qxa5 60. g6 Be6+ 61. Kf4 Qf5+ 62. Ke3 Bc4 63. g7 Qd3+ 64. Kf2 Qxd4+ 65. Kf3
Qxg7 66. Ke4 Qg4+ 67. Ke3 Kxb7 68. Kd2 Qd4+ 69. Kc2 Qd3+ 70. Kb2 Qd2+ 71. Ka3
Ka6 72. Ka4 Qa5# {Hossa checkmated} 0-1

[Event "ICS rated standard match"]
[Site "204.178.125.65"]
[Date "2001.01.23"]
[Round "?"]
[White "Colorado"]
[Black "Hossa"]
[Result "1-0"]
[WhiteElo "2271"]
[BlackElo "2301"]
[PlyCount "81"]
[EventDate "2001.??.??"]

1. e4 e5 2. Nf3 d6 3. d4 exd4 4. Nxd4 Nf6 5. Nc3 Be7 6. Be2 O-O 7. O-O a6 8. a4
Nc6 9. Nxc6 bxc6 10. Qd2 Be6 11. Qf4 Nd7 12. Rd1 f5 13. Re1 Bf6 14. exf5 Bxc3
15. bxc3 Rxf5 16. Qg3 Qf6 17. Bd3 Ra5 18. Be3 Rf8 19. Bd4 Ne5 20. Rab1 Rxa4 21.
Rb4 Ra2 22. f4 c5 23. fxe5 Qf7 24. exd6 cxd6 25. Rf1 Qc7 26. Rxf8+ Kxf8 27.
Bxg7+ Ke8 28. Rb1 c4 29. Bxh7 Kd8 30. Qf3 Qc5+ 31. Bd4 Qd5 32. Qf8+ Kd7 33. Bg6
Bf7 34. Bf5+ Qxf5 35. Rb7+ Kc6 36. Rb6+ Kd5 37. Qa8+ Ke6 38. Qc8+ Ke7 39. Rb7+
Qd7 40. Qxd7+ Kf8 41. Qxf7# {Hossa checkmated} 1-0

[Event "ICS rated standard match"]
[Site "204.178.125.65"]
[Date "2001.01.23"]
[Round "?"]
[White "Hossa"]
[Black "psycho-swapper"]
[Result "1-0"]
[WhiteElo "2284"]
[BlackElo "2033"]
[PlyCount "57"]
[EventDate "2001.??.??"]

1. e4 c6 2. d4 d5 3. exd5 cxd5 4. Bd3 Nc6 5. c3 Nf6 6. Bf4 Bg4 7. Qb3 Qd7 8. f3
Bh5 9. Nh3 Bg6 10. Bxg6 hxg6 11. Nd2 Nh5 12. Bg5 f6 13. Be3 g5 14. O-O-O g6 15.
Qc2 Rg8 16. g4 Bh6 17. gxh5 Qxh3 18. hxg6 f5 19. Rdg1 f4 20. Bf2 Qe6 21. h4 Qe2
22. hxg5 Bxg5 23. Rxg5 Qxf2 24. Qf5 Rf8 25. Qxd5 Rd8 26. Qc4 Nxd4 27. g7 Ne2+
28. Kb1 Nxc3+ 29. bxc3 {psycho-swapper resigns} 1-0

[Event "ICS rated standard match"]
[Site "204.178.125.65"]
[Date "2001.01.23"]
[Round "?"]
[White "Alessandro"]
[Black "Hossa"]
[Result "1/2-1/2"]
[WhiteElo "2157"]
[BlackElo "2290"]
[PlyCount "171"]
[EventDate "2001.??.??"]

1. c4 e5 2. Nc3 Nf6 3. Nf3 Nc6 4. g3 d5 5. cxd5 Nxd5 6. Bg2 Nb6 7. O-O Be7 8.
a3 O-O 9. b4 a6 10. d3 Bg4 11. Bb2 Qd7 12. Ne4 Bxf3 13. Bxf3 Nd4 14. Bxd4 Qxd4
15. Nc5 Bxc5 16. e3 Qd6 17. bxc5 Qxc5 18. Bxb7 Ra7 19. Be4 Nd7 20. Qf3 Nf6 21.
Rfc1 Qd6 22. Rc6 Qe7 23. Qf5 Nxe4 24. Qxe4 Rb8 25. d4 Re8 26. Rac1 exd4 27.
Qxd4 Rea8 28. Qb4 Qxb4 29. axb4 Rc8 30. Kg2 g6 31. h4 Kg7 32. R1c4 h5 33. e4
Re8 34. f4 Re6 35. Rxe6 fxe6 36. e5 Rb7 37. Kf3 Kf7 38. g4 hxg4+ 39. Kxg4 Ke7
40. Kg5 Kf7 41. Rd4 c6 42. Rc4 Rb6 43. h5 gxh5 44. Kxh5 Ke7 45. Kg4 Kd7 46.
Rd4+ Ke8 47. Kg5 Ke7 48. Rc4 Kf7 49. f5 exf5 50. Kxf5 Ke7 51. Rh4 Rb5 52. Rh7+
Kd8 53. Ke6 Rxb4 54. Kd6 Rd4+ 55. Kxc6 a5 56. e6 a4 57. Ra7 a3 58. Rxa3 Rc4+
59. Kd5 Rf4 60. Ra8+ Ke7 61. Ra7+ Ke8 62. Ke5 Rg4 63. Kf5 Rh4 64. Kg5 Re4 65.
Kf5 Re3 66. Kf4 Rh3 67. Kg4 Rh2 68. Kg3 Rh1 69. Kg2 Re1 70. Kf2 Rd1 71. Ke2 Rg1
72. Kf2 Rc1 73. e7 Rc2+ 74. Ke3 Rc3+ 75. Kd4 Rf3 76. Kd5 Rd3+ 77. Ke6 Re3+ 78.
Kd6 Re6+ 79. Kd5 Rf6 80. Ke5 Rg6 81. Kf5 Rh6 82. Kg5 Re6 83. Kf5 Re3 84. Kf6
Rf3+ 85. Ke6 Ra3 86. Rxa3 {Hossa stalemated} 1/2-1/2

[Event "ICS rated bullet match"]
[Site "204.178.125.65"]
[Date "2001.01.23"]
[Round "?"]
[White "Valg"]
[Black "Hossa"]
[Result "1-0"]
[WhiteElo "2628"]
[BlackElo "2491"]
[PlyCount "67"]
[EventDate "2001.??.??"]

1. d4 d5 2. c4 c6 3. Nf3 dxc4 4. e3 Be6 5. a4 Nf6 6. Na3 c5 7. Nxc4 cxd4 8.
Nxd4 Bd5 9. Bd2 e6 10. f3 Nh5 11. g3 Be7 12. Bd3 Na6 13. O-O O-O 14. Rc1 Nc5
15. Be2 Qd7 16. a5 Bf6 17. f4 Bxc4 18. Rxc4 Qd5 19. g4 Nxf4 20. Rxf4 Be5 21.
Rf3 Qd6 22. Qc2 Bxh2+ 23. Kg2 Be5 24. Nb5 Qd7 25. Rxc5 f6 26. Bc4 Rfd8 27. Nd4
Bxd4 28. exd4 Qxd4 29. Bxe6+ Kh8 30. Qxh7+ Kxh7 31. Rh5+ Kg6 32. Rg5+ fxg5 33.
Bf7+ Kh6 34. Rh3# {Hossa checkmated} 1-0

[Event "ICS rated standard match"]
[Site "204.178.125.65"]
[Date "2001.01.23"]
[Round "?"]
[White "Hossa"]
[Black "Alessandro"]
[Result "1-0"]
[WhiteElo "2284"]
[BlackElo "2189"]
[PlyCount "32"]
[EventDate "2001.??.??"]

1. d4 Nf6 2. c4 g6 3. Nc3 d5 4. cxd5 Nxd5 5. e4 Nxc3 6. bxc3 Bg7 7. Bb5+ c6 8.
Ba4 O-O 9. Nf3 c5 10. O-O Bg4 11. Rb1 b6 12. Be3 cxd4 13. cxd4 Bxf3 14. Qxf3
Bxd4 15. Rbd1 e5 16. Bh6 Re8 {Alessandro resigns} 1-0

[Event "ICS rated blitz match"]
[Site "204.178.125.65"]
[Date "2001.01.23"]
[Round "?"]
[White "Valg"]
[Black "Hossa"]
[Result "1-0"]
[WhiteElo "2718"]
[BlackElo "2493"]
[PlyCount "75"]
[EventDate "2001.??.??"]

1. d4 Nf6 2. c4 e6 3. Nf3 b6 4. g3 Ba6 5. b3 Bb4+ 6. Bd2 Be7 7. Bg2 c6 8. Bc3
d5 9. Ne5 Ne4 10. O-O Nxc3 11. Nxc3 f6 12. Ng4 dxc4 13. Qd2 e5 14. Rfd1 cxb3
15. axb3 Bc8 16. h3 O-O 17. d5 Bb4 18. Qc1 Qe8 19. dxc6 Bxg4 20. c7 Bxc3 21.
Qxc3 e4 22. Rd8 Qe7 23. Rxf8+ Qxf8 24. Bxe4 Be6 25. Bxa8 Na6 26. Bg2 Nc5 27. b4
Qd6 28. Rxa7 Qd1+ 29. Kh2 Bc8 30. bxc5 Qb1 31. Qe3 Kf7 32. Bc6 g5 33. Qe8+ Kg7
34. Qxc8 h5 35. Qh8+ Kg6 36. c8=Q Qh1+ 37. Kxh1 bxc5 38. Be8# {Hossa checkmated
} 1-0

[Event "ICS rated blitz match"]
[Site "204.178.125.65"]
[Date "2001.01.23"]
[Round "?"]
[White "cfd"]
[Black "Hossa"]
[Result "0-1"]
[WhiteElo "2135"]
[BlackElo "2491"]
[PlyCount "55"]
[EventDate "2001.??.??"]

1. d4 Nf6 2. e3 g6 3. b3 Bg7 4. Bb2 O-O 5. Nf3 d6 6. Be2 Bf5 7. O-O d5 8. c4 c6
9. Nc3 Qd6 10. c5 Qd7 11. b4 Qc7 12. a4 Ng4 13. h3 Nf6 14. b5 b6 15. cxb6 axb6
16. bxc6 Nxc6 17. Nb5 Qb8 18. Qb3 Na5 19. Qb4 Rc8 20. Rfc1 Qb7 21. Ne5 Ne4 22.
Bd3 f6 23. Nf3 e6 24. Bxe4 Bxe4 25. Nd2 Bf8 26. Nd6 Bc2 27. Nxb7 Bxb4 28. Nxa5
{cfd resigns} 0-1

[Event "ICS rated standard match"]
[Site "204.178.125.65"]
[Date "2001.01.23"]
[Round "?"]
[White "Hossa"]
[Black "ChesterX"]
[Result "1/2-1/2"]
[WhiteElo "2296"]
[BlackElo "2439"]
[PlyCount "184"]
[EventDate "2001.??.??"]

1. d4 Nf6 2. c4 g6 3. Nc3 Bg7 4. e4 d6 5. h3 O-O 6. Bg5 Na6 7. Nf3 e5 8. dxe5
dxe5 9. Qxd8 Rxd8 10. Nd5 Rd6 11. Nxf6+ Bxf6 12. Bxf6 Rxf6 13. Rd1 Rf4 14. Bd3
Nb4 15. Bb1 Nc6 16. Ke2 Be6 17. Ke3 Rf6 18. b3 a5 19. a4 Re8 20. Rd2 h5 21.
Rhd1 Kg7 22. Bd3 b6 23. Bc2 Kh6 24. Rh1 Kg7 25. Bb1 Rh8 26. Rhd1 Rg8 27. Ba2
Re8 28. Ke2 Rf4 29. Bb1 Rh8 30. Ke3 Rf6 31. Ng5 Rc8 32. Ba2 Re8 33. g3 Rh8 34.
Bb1 Rf8 35. f4 Re8 36. Bd3 h4 37. fxe5 Nxe5 38. gxh4 Bxh3 39. Be2 Bg4 40. Rd8
Bxe2 41. Kxe2 Re7 42. Ke3 Ng4+ 43. Ke2 Rf2+ 44. Ke1 Rf4 45. R8d7 Rxd7 46. Rxd7
Ne5 47. Ne6+ Kf6 48. Nxf4 Nxd7 49. Nd3 Ne5 50. Nf4 Nf3+ 51. Kf2 Nd4 52. Nd5+
Ke5 53. Nxc7 Nxb3 54. Nd5 Kxe4 55. Nxb6 Kd4 56. Ke2 Nc1+ 57. Kf3 Nd3 58. Kg4
Kc5 59. Nc8 f6 60. Ne7 Ne5+ 61. Kf4 Kxc4 62. Ng8 Nd7 63. Ne7 Nf8 64. Nc6 Kd5
65. Nxa5 Ne6+ 66. Kg4 Kc5 67. Nb7+ Kc6 68. Na5+ Kd5 69. h5 f5+ 70. Kh4 g5+ 71.
Kg3 Nf4 72. h6 Nh5+ 73. Kf3 g4+ 74. Ke2 Nf6 75. Ke3 Ke6 76. Nc4 Kd5 77. Nb6+
Kc6 78. a5 g3 79. Kf3 f4 80. Nc4 Kb5 81. Ne5 Kxa5 82. Kxf4 g2 83. Nf3 Kb5 84.
Kg3 Kc5 85. Kxg2 Kd5 86. Kg3 Ke4 87. Nh4 Ke5 88. Kf3 Ke6 89. Kf4 Kf7 90. Kg5
Ng8 91. h7 Kg7 92. hxg8=Q+ Kxg8 {
Game drawn because neither player has mating material} 1/2-1/2

[Event "ICS Rated standard match"]
[Site "204.178.125.65"]
[Date "2001.01.23"]
[Round "?"]
[White "KARIN"]
[Black "Hossa"]
[Result "0-1"]
[WhiteElo "2000"]
[BlackElo "2302"]
[PlyCount "36"]
[EventDate "2001.??.??"]

1. Nf3 d5 2. d4 Nc6 3. e3 e6 4. Bb5 Bd7 5. O-O Nf6 6. c4 a6 7. cxd5 exd5 8.
Bxc6 Bxc6 9. Nc3 Bd6 10. Ne5 O-O 11. Nxc6 bxc6 12. Bd2 Re8 13. Rc1 Rb8 14. Na4
Re6 15. Qe2 Ne4 16. Be1 Bxh2+ 17. Kxh2 Rh6+ 18. Kg1 Qh4 {KARIN resigns} 0-1

[Event "ICS rated blitz match"]
[Site "204.178.125.65"]
[Date "2001.01.24"]
[Round "?"]
[White "Lundbotanmats"]
[Black "Hossa"]
[Result "0-1"]
[WhiteElo "2021"]
[BlackElo "2480"]
[PlyCount "74"]
[EventDate "2001.??.??"]

1. d4 Nf6 2. Nf3 d5 3. e3 g6 4. Bd3 Bg7 5. Nbd2 O-O 6. O-O b6 7. Qe2 c5 8. c3
Nc6 9. dxc5 bxc5 10. e4 e6 11. Re1 Bb7 12. exd5 exd5 13. Ba6 Bxa6 14. Qxa6 Qb6
15. Qxb6 axb6 16. Nb3 Rfe8 17. Rxe8+ Rxe8 18. Bf4 Re2 19. Nbd2 d4 20. cxd4 Nd5
21. Be5 cxd4 22. Bxg7 Kxg7 23. Kf1 d3 24. Re1 Rxe1+ 25. Nxe1 Ne5 26. Ndf3 f6
27. Nxe5 d2 28. Ke2 dxe1=Q+ 29. Kxe1 fxe5 30. g3 Nb4 31. Kd2 Nxa2 32. Kc2 Nb4+
33. Kb3 Nd3 34. Kc3 Nxf2 35. Kc4 Nd1 36. b4 Ne3+ 37. Kd3 Nf1 {
Lundbotanmats resigns} 0-1

[Event "ICS rated blitz match"]
[Site "204.178.125.65"]
[Date "2001.01.24"]
[Round "?"]
[White "ChesterX"]
[Black "Hossa"]
[Result "1/2-1/2"]
[WhiteElo "2607"]
[BlackElo "2482"]
[PlyCount "290"]
[EventDate "2001.??.??"]

1. c4 e5 2. a3 d6 3. Nf3 e4 4. Nd4 c5 5. Nb5 Bf5 6. d3 exd3 7. exd3 Nf6 8. Qf3
Bc8 9. Be2 Nc6 10. Qe3+ Be7 11. O-O O-O 12. Re1 a6 13. N5c3 Re8 14. Nd2 d5 15.
Nxd5 Nxd5 16. cxd5 Nd4 17. Bd1 Qxd5 18. Nc4 Qd8 19. Qe4 Rb8 20. Bg5 Be6 21.
Bxe7 Qxe7 22. Qe3 Qc7 23. Rc1 b6 24. Ne5 Rbc8 25. Bh5 g6 26. Bd1 f6 27. Nf3 Bf7
28. Qd2 Rxe1+ 29. Qxe1 Rd8 30. Nxd4 Rxd4 31. Qc3 Qd6 32. Bc2 Rh4 33. g3 Rd4 34.
Re1 b5 35. f4 b4 36. axb4 Rxb4 37. Re2 h5 38. Bd1 h4 39. Bc2 a5 40. Bd1 Qc6 41.
Rf2 hxg3 42. hxg3 Qd6 43. Kf1 Qd4 44. Qxd4 Rxd4 45. Ke2 Rd8 46. Ba4 Kg7 47. Ke3
Rd4 48. Bc6 Rd6 49. Bf3 Re6+ 50. Kd2 Rb6 51. Kc2 a4 52. Re2 Bb3+ 53. Kc3 Kf7
54. Rh2 Kg8 55. Rh1 Bf7 56. Ra1 Rb3+ 57. Kc2 Rb4 58. Bc6 Bb3+ 59. Kc3 Kf7 60.
Re1 Rb6 61. Be8+ Kg7 62. Re7+ Kf8 63. Re4 Bd5 64. Re1 Rb3+ 65. Kc2 Rb6 66. Bxg6
Be6 67. Bh5 Kg7 68. Bf3 Kf7 69. Re2 Bb3+ 70. Kc3 Be6 71. Bh5+ Kg7 72. g4 Ra6
73. Kc2 Rd6 74. Re1 Bd7 75. g5 fxg5 76. fxg5 Bf5 77. Re5 Bxd3+ 78. Kc3 Bg6 79.
Be2 Rb6 80. Bc4 Rb7 81. Rxc5 Bf7 82. Bb5 Bb3 83. Bd3 Bf7 84. Rc6 Rb3+ 85. Kc2
a3 86. bxa3 Rxa3 87. Rc5 Ra7 88. Kc3 Re7 89. Bf5 Bg6 90. Bg4 Re3+ 91. Kb2 Kf7
92. Rd5 Rg3 93. Rd7+ Ke8 94. Rd4 Bf5 95. Bxf5 Rxg5 96. Bg4 Rb5+ 97. Kc3 Rc5+
98. Kd3 Ke7 99. Ke4 Kf6 100. Rd6+ Kg5 101. Be6 Rc1 102. Rd4 Re1+ 103. Kd5 Re2
104. Rg4+ Kf6 105. Rf4+ Kg6 106. Bf5+ Kh6 107. Be4 Rd2+ 108. Ke5 Kh5 109. Bf3+
Kg6 110. Rf8 Kh7 111. Rf6 Kg8 112. Rg6+ Kf8 113. Bd5 Rf2 114. Rg8+ Ke7 115.
Rg7+ Kd8 116. Kd6 Rf6+ 117. Be6 Ke8 118. Rc7 Kf8 119. Ke5 Rf1 120. Rh7 Ke8 121.
Bd5 Re1+ 122. Kd6 Rf1 123. Rg7 Rf6+ 124. Be6 Rf2 125. Bd5 Rf4 126. Rb7 Rf6+
127. Ke5 Rf2 128. Rh7 Re2+ 129. Kd6 Rf2 130. Re7+ Kf8 131. Ra7 Rf6+ 132. Ke5
Rf1 133. Rh7 Re1+ 134. Kd6 Rf1 135. Rb7 Rf6+ 136. Be6 Rf2 137. Rh7 Rd2+ 138.
Bd5 Rf2 139. Re7 Rf6+ 140. Be6 Rf1 141. Ra7 Rd1+ 142. Bd5 Rf1 143. Bb3 Rf6+
144. Be6 Rf4 145. Bc4 Rd4+ {Game drawn by the 50 move rule} 1/2-1/2

[Event "ICS rated blitz match"]
[Site "204.178.125.65"]
[Date "2001.01.24"]
[Round "?"]
[White "Hossa"]
[Black "PostModernist"]
[Result "1-0"]
[WhiteElo "2488"]
[BlackElo "2669"]
[PlyCount "137"]
[EventDate "2001.??.??"]

1. e4 c5 2. Nf3 Nc6 3. d4 cxd4 4. Nxd4 e5 5. Nxc6 bxc6 6. Bc4 Ba6 7. Bxa6 Qa5+
8. Nc3 Qxa6 9. Qf3 Bb4 10. Qg3 Kf8 11. Qd3 Qxd3 12. cxd3 Ne7 13. Bd2 d5 14. Rc1
Rb8 15. exd5 cxd5 16. Na4 Bd6 17. b3 f5 18. Ke2 Kf7 19. Nc5 Rhc8 20. Nd7 Rb7
21. Rxc8 Nxc8 22. Rc1 Rxd7 23. Rxc8 Ke6 24. h3 Rc7 25. Rxc7 Bxc7 26. a3 Bb6 27.
Bc3 d4 28. Bb4 e4 29. h4 Kd5 30. a4 Bd8 31. g3 f4 32. dxe4+ Kxe4 33. f3+ Kd5
34. Be1 fxg3 35. Bxg3 h5 36. Kd3 a5 37. Bf2 Bf6 38. Be1 Kc5 39. Bxa5 Bxh4 40.
b4+ Kc6 41. Kxd4 Bf2+ 42. Kd3 h4 43. Ke2 Bd4 44. b5+ Kd6 45. f4 h3 46. Kf3 Bg1
47. Be1 Kd5 48. Kg3 h2 49. Kg2 Be3 50. Bg3 Kc4 51. f5 Kb4 52. Bxh2 Kxa4 53. Be5
Kxb5 54. Bxg7 Kc4 55. Kf3 Kd3 56. Kg4 Bc5 57. Kg5 Ke4 58. Kg6 Be7 59. Bh6 Kd5
60. Bg5 Bc5 61. f6 Ke6 62. Bh6 Bd6 63. f7 Ke5 64. Kg7 Kd4 65. Kg8 Kd3 66. Bf8
Bf4 67. Be7 Ke4 68. Kh7 Be5 69. Kg6 {PostModernist resigns} 1-0

[Event "ICS rated blitz match"]
[Site "204.178.125.65"]
[Date "2001.01.24"]
[Round "?"]
[White "alik75"]
[Black "Hossa"]
[Result "0-1"]
[WhiteElo "2196"]
[BlackElo "2512"]
[PlyCount "36"]
[EventDate "2001.??.??"]

1. d4 Nf6 2. Bg5 Ne4 3. Bf4 d5 4. Nd2 g5 5. Nxe4 gxf4 6. Nd2 Bg7 7. Ngf3 c5 8.
c3 cxd4 9. cxd4 Bf5 10. g3 fxg3 11. hxg3 Nc6 12. e3 Qb6 13. Qb3 Nb4 14. Rc1 O-O
15. a3 Rac8 16. Rxc8 Rxc8 17. axb4 Rc1+ 18. Ke2 Qb5+ {alik75 resigns} 0-1

[Event "ICS Rated blitz match"]
[Site "204.178.125.65"]
[Date "2001.01.24"]
[Round "?"]
[White "Hossa"]
[Black "PostModernist"]
[Result "0-1"]
[WhiteElo "2516"]
[BlackElo "2645"]
[PlyCount "76"]
[EventDate "2001.??.??"]

1. e4 c5 2. Nf3 Nc6 3. d4 cxd4 4. Nxd4 g6 5. Nc3 Bg7 6. Be3 Nf6 7. Nxc6 bxc6 8.
e5 Ng8 9. Bd4 Qa5 10. Bc4 Bxe5 11. O-O Nf6 12. Re1 d6 13. Bxe5 dxe5 14. Qf3 Bb7
15. Ne4 Nd5 16. Ng5 f6 17. Ne6 Qb6 18. Rab1 Rb8 19. Red1 Bc8 20. Ng7+ Kf8 21.
Nh5 gxh5 22. Qxh5 Qc5 23. Qh6+ Kf7 24. Qh4 Rb4 25. b3 Rxc4 26. Qh5+ Kg7 27.
bxc4 Nc3 28. Rb3 Nxd1 29. Rg3+ Kf8 30. Qxd1 Qa5 31. a3 Rg8 32. Rb3 Be6 33. Qc1
Bxc4 34. Rb7 Kf7 35. g3 Rd8 36. Rb4 Qd5 37. Rb1 Qf3 38. Qe1 Bd5 {Hossa resigns}
0-1

[Event "ICS rated blitz match"]
[Site "204.178.125.65"]
[Date "2001.01.24"]
[Round "?"]
[White "PostModernist"]
[Black "Hossa"]
[Result "1/2-1/2"]
[WhiteElo "2655"]
[BlackElo "2506"]
[PlyCount "235"]
[EventDate "2001.??.??"]

1. e4 c5 2. c3 Nf6 3. e5 Nd5 4. d4 cxd4 5. Nf3 d6 6. cxd4 e6 7. Nc3 dxe5 8.
Nxe5 Nc6 9. Bb5 Bd7 10. Bxc6 bxc6 11. Qh5 g6 12. Qf3 Qf6 13. Nxd5 Qxf3 14. Nc7+
Kd8 15. gxf3 Kxc7 16. Nxf7 Bb4+ 17. Ke2 Rhf8 18. Ne5 Rab8 19. Be3 Bd6 20. b3
Rb5 21. f4 Rd5 22. a4 Rb8 23. Rhb1 Bb4 24. Rc1 a5 25. Kf3 Bd6 26. Rab1 Bb4 27.
Rc4 Be8 28. Rbc1 Rd6 29. R4c2 Ba3 30. Nc4 Bxc1 31. Nxd6 Kxd6 32. Rxc1 Rxb3 33.
Rc5 Rb1 34. Rxa5 Rh1 35. Ra8 Bd7 36. Kg2 Ra1 37. a5 Kc7 38. Ra7+ Kd6 39. Kf3
Ra4 40. Kg3 Ra1 41. h3 h5 42. Ra8 Kc7 43. Ra7+ Kd6 44. Kf3 Ra4 45. Kg2 Bc8 46.
Kg3 Ra1 47. f3 Kd5 48. Rc7 Ba6 49. Rd7+ Kc4 50. Rd6 Kd3 51. Rxe6 Bc4 52. Re5
Bd5 53. Bf2 Rxa5 54. f5 gxf5 55. Rxf5 Ra8 56. Rxh5 Rg8+ 57. Kf4 Rf8+ 58. Rf5
Rxf5+ 59. Kxf5 Bxf3 60. h4 Ke2 61. Bg3 Kd3 62. Be5 Kc4 63. Ke6 c5 64. dxc5 Kxc5
65. Kf5 Bg2 66. h5 Bh1 67. h6 Kd5 68. Bb8 Bg2 69. Kf6 Be4 70. Ba7 Bd3 71. Be3
Bc2 72. Bd2 Bb1 73. Be1 Bc2 74. Kg7 Bb1 75. Bc3 Bc2 76. Bb2 Bb1 77. Ba1 Bc2 78.
Bf6 Bb1 79. Bh4 Bc2 80. Bg3 Bb1 81. Kf6 Bc2 82. Be1 Bb1 83. Bf2 Bc2 84. Bg1 Bb1
85. Bb6 Bc2 86. Be3 Bb1 87. Kg7 Bc2 88. Bc1 Bb1 89. Kg8 Bc2 90. Kf8 Bb1 91. Kg7
Bc2 92. Kf6 Bb1 93. Bg5 Bc2 94. Kg7 Bb1 95. Kh8 Ba2 96. Kg8 Bb1 97. Bf6 Bc2 98.
Bc3 Bb1 99. Bb2 Bc2 100. Kf7 Bb1 101. Kg7 Bc2 102. Kf6 Bb1 103. Bc3 Bc2 104.
Kg7 Bb1 105. Kf8 Bc2 106. Bf6 Bb1 107. Bb2 Bc2 108. Ke7 Bb1 109. Kf7 Bc2 110.
Bg7 Bb1 111. Bf6 Bc2 112. Bg5 Bb1 113. Kf8 Bc2 114. Be3 Bb1 115. Bd2 Bc2 116.
Bg5 Bb1 117. Kg7 Bc2 118. Bh4 {Game drawn by the 50 move rule} 1/2-1/2

[Event "ICS rated blitz match"]
[Site "204.178.125.65"]
[Date "2001.01.24"]
[Round "?"]
[White "PostModernist"]
[Black "Hossa"]
[Result "1-0"]
[WhiteElo "2649"]
[BlackElo "2500"]
[PlyCount "105"]
[EventDate "2001.??.??"]

1. e4 c5 2. c3 d5 3. exd5 Qxd5 4. d4 Nf6 5. Nf3 Bg4 6. Be2 e6 7. h3 Bh5 8. O-O
Nc6 9. Be3 cxd4 10. cxd4 Bb4 11. a3 Ba5 12. b4 Bb6 13. Nc3 Qd6 14. Nb5 Qe7 15.
g4 Bg6 16. Ne5 Nd5 17. Nxc6 bxc6 18. Qc1 O-O 19. Qxc6 Rfd8 20. Rac1 Qh4 21. Kh2
a6 22. Bf3 axb5 23. Bxd5 exd5 24. Qxb6 Bd3 25. Rfe1 Rxa3 26. Ra1 Rxa1 27. Rxa1
h5 28. Rg1 Bc4 29. gxh5 Rd7 30. h6 Qd8 31. Rxg7+ Kh8 32. Qxd8+ Rxd8 33. Rxf7
Bd3 34. Bf4 Rc8 35. Be5+ Kg8 36. Rg7+ Kf8 37. h7 Bxh7 38. Rxh7 Rc2 39. Kg2 Rb2
40. Rb7 Ke8 41. h4 Rxb4 42. h5 Ra4 43. h6 Ra6 44. h7 Rg6+ 45. Kf3 Rh6 46. h8=Q+
Rxh8 47. Bxh8 b4 48. Kf4 Kf8 49. Ke5 Kg8 50. Kf6 b3 51. Rb8+ Kh7 52. Bg7 b2 53.
Rh8# {Hossa checkmated} 1-0

[Event "ICS rated blitz match"]
[Site "204.178.125.65"]
[Date "2001.01.24"]
[Round "?"]
[White "Hossa"]
[Black "PostModernist"]
[Result "0-1"]
[WhiteElo "2490"]
[BlackElo "2659"]
[PlyCount "126"]
[EventDate "2001.??.??"]

1. e4 c5 2. Nf3 Nc6 3. d4 cxd4 4. Nxd4 Nf6 5. Nxc6 bxc6 6. Nc3 e6 7. e5 Nd5 8.
Nxd5 cxd5 9. Bd3 Qc7 10. Bf4 Rb8 11. Qc1 Bc5 12. Bg3 Qa5+ 13. c3 Ba6 14. Bxa6
Qxa6 15. Qc2 O-O 16. h3 d4 17. Qd2 Rfc8 18. Bf4 Qb5 19. Bg3 Qxb2 20. Qxb2 Rxb2
21. cxd4 Bxd4 22. O-O h5 23. Rfd1 Rc4 24. h4 f5 25. exf6 gxf6 26. a3 Rb3 27.
Rab1 Rxg3 28. Rxd4 Rxg2+ 29. Kxg2 Rxd4 30. Rb7 a5 31. Ra7 a4 32. Kg3 Rd3+ 33.
Kg2 Rxa3 34. Rxd7 Rc3 35. Rd4 a3 36. Rd7 a2 37. Ra7 Rc2 38. Kf3 e5 39. Ke3 Kf8
40. f3 Rh2 41. Kd3 f5 42. Ke3 Ke8 43. Kd3 Kd8 44. Ke3 Kc8 45. Ra8+ Kb7 46. Ra4
e4 47. fxe4 fxe4 48. Ra5 Kb6 49. Ra8 Kb5 50. Kf4 Kc4 51. Ke5 e3 52. Kf6 e2 53.
Rc8+ Kd3 54. Rd8+ Ke3 55. Re8+ Kf4 56. Ra8 e1=Q 57. Ra4+ Qe4 58. Rxe4+ Kxe4 59.
Kg6 a1=Q 60. Kf7 Kd5 61. Ke8 Ke6 62. Kd8 Qc3 63. Ke8 Qh8# {Hossa checkmated}
0-1

[Event "ICS rated standard match"]
[Site "204.178.125.65"]
[Date "2001.01.24"]
[Round "?"]
[White "Hossa"]
[Black "Amateur"]
[Result "1-0"]
[WhiteElo "2307"]
[BlackElo "2361"]
[PlyCount "249"]
[EventDate "2001.??.??"]

1. e4 c5 2. c3 Nf6 3. e5 Nd5 4. d4 cxd4 5. Nf3 e6 6. cxd4 Nc6 7. Nc3 Qa5 8. Bd2
Bb4 9. Nxd5 exd5 10. Bd3 O-O 11. a3 Bxd2+ 12. Qxd2 Qxd2+ 13. Kxd2 Rd8 14. Rhe1
b6 15. b4 Bb7 16. Rac1 a6 17. Rc3 b5 18. Rec1 Rac8 19. Bb1 d6 20. Bf5 Rc7 21.
e6 h6 22. h4 Re8 23. Re3 Ree7 24. h5 Kf8 25. exf7 Rxe3 26. Kxe3 Kxf7 27. Bg6+
Kf6 28. Rc2 a5 29. Kf4 axb4 30. axb4 Rc8 31. Re2 Rh8 32. g4 Bc8 33. Be8 Bb7 34.
Bd7 Rf8 35. g5+ hxg5+ 36. Kg4 Rd8 37. Re6+ Kf7 38. Nxg5+ Kf8 39. Bxc6 Bxc6 40.
Rg6 Bd7+ 41. Kf4 Bc8 42. Ne6+ Bxe6 43. Rxe6 Re8 44. Rxe8+ Kxe8 45. Kf5 Ke7 46.
f3 Kf7 47. f4 Ke7 48. Kg6 Kf8 49. f5 Kg8 50. f6 gxf6 51. h6 f5 52. h7+ Kh8 53.
Kxf5 Kxh7 54. Ke6 Kg6 55. Kxd6 Kf7 56. Kxd5 Kf6 57. Kd6 Kf5 58. d5 Ke4 59. Ke6
Kd4 60. d6 Kc4 61. Ke5 Kxb4 62. Kd4 Ka5 63. d7 Kb6 64. d8=Q+ Kc6 65. Qf6+ Kb7
66. Kc5 Kc7 67. Qf7+ Kd8 68. Qf8+ Kd7 69. Qf6 Kc7 70. Qe7+ Kb8 71. Qe5+ Kc8 72.
Qf5+ Kd8 73. Qg5+ Kd7 74. Qg6 Ke7 75. Kd5 b4 76. Qg7+ Ke8 77. Qg8+ Ke7 78. Qe6+
Kf8 79. Qf6+ Kg8 80. Qg6+ Kh8 81. Qh6+ Kg8 82. Ke6 b3 83. Qg6+ Kh8 84. Qf6+ Kg8
85. Qg5+ Kf8 86. Qe7+ Kg8 87. Qf7+ Kh8 88. Qf8+ Kh7 89. Qf5+ Kg7 90. Qg4+ Kh6
91. Qh4+ Kg6 92. Qg3+ Kh5 93. Qh3+ Kg6 94. Qg2+ Kh5 95. Qf3+ Kg5 96. Ke5 Kg6
97. Qf6+ Kh7 98. Qf7+ Kh6 99. Qf8+ Kh5 100. Qf5+ Kh4 101. Qf2+ Kg4 102. Qg2+
Kh4 103. Qh2+ Kg4 104. Qf4+ Kh3 105. Qf3+ Kh2 106. Qf2+ Kh1 107. Qf1+ Kh2 108.
Kf4 b2 109. Qf2+ Kh1 110. Qf3+ Kh2 111. Qe2+ Kh3 112. Qg4+ Kh2 113. Qg3+ Kh1
114. Qh3+ Kg1 115. Qe3+ Kg2 116. Qd2+ Kf1 117. Qd1+ Kf2 118. Qc2+ Ke1 119. Qc3+
Ke2 120. Qxb2+ Kd3 121. Qb4 Ke2 122. Qd4 Kf1 123. Qd2 Kg1 124. Kg3 Kh1 125.
Qd1# {Amateur checkmated} 1-0